| 000 | 00870cam a2200253 a 4500 | ||
|---|---|---|---|
| 001 | 12295122 | ||
| 005 | 20150504145233.0 | ||
| 008 | 010131s2001 enkadk frb 001 0 eng d | ||
| 020 | _a0761952942 (U.S.) | ||
| 020 | _a9780761952954 | ||
| 040 |
_aUKM _cUKM _dDLC _dEG-ScBUE |
||
| 082 | 0 | 4 |
_222 _a658.022 _bCUR |
| 100 | 1 |
_aCurran, James, _d1936- _937828 |
|
| 245 | 1 | 0 |
_aResearching the small enterprise / _cJames Curran and Robert A. Blackburn. |
| 260 |
_aLondon ; _aThousand Oaks, Calif. ; _aNew Delhi : _bSAGE Publications, _c2001. |
||
| 300 |
_ax, 180 p. : _bcharts, forms, tables ; _c24 cm. |
||
| 500 | _aIndex : p. 178-180. | ||
| 504 | _aBibliography : p. [167]-177. | ||
| 650 | 7 |
_aSmall business _xManagement _xResearch. _2BUEsh _937829 |
|
| 653 |
_bBUSADM _cMay2015 |
||
| 655 |
_vreading book _934232 |
||
| 700 | 1 |
_aBlackburn, Robert A., _d1957- _934852 |
|
| 942 | _2ddc | ||
| 999 |
_c19268 _d19240 |
||